000 00471nam a2200181Ia 4500
001 13194
005 20260306163035.0
008 260306t2010||||xx |||||||||||||| ||spa||
041 _aESP
082 _a001.42
_bB45
100 _aBernal, César A.
_eAUT
245 0 _aMetodología de la investigación:
_badministración, economía, humanidades y ciencias sociales
260 _c2010
300 _a
_c
650 _aGEN
654 _aCHU
942 _cLIB
_dJUS
_fJUS
_2ddc
_n
999 _c13194
_d13194